Manual para el proyecto y análisis de sistemas de puesta a tierra: seguridad de personas y equipos en instalaciones de alto voltaje
Wedi'i Gadw mewn:
| Prif Awdur: | |
|---|---|
| Fformat: | Llyfr |
| Iaith: | Sbaeneg |
| Cyhoeddwyd: |
Santiago
Pedro Ortuondo Fernández
1997
|
| Rhifyn: | 1a. ed |
| Pynciau: | |
| Tagiau: |
Ychwanegu Tag
Dim Tagiau, Byddwch y cyntaf i dagio'r cofnod hwn!
|
MARC
| LEADER | 00000cam a2200000 a 4500 | ||
|---|---|---|---|
| 001 | UCD1468 | ||
| 003 | CL-VaPUC | ||
| 008 | 160310e19970000cl |||||||||||||||||spa|d | ||
| 020 | |a 9562728048 | ||
| 082 | 0 | 4 | |a 621.319 |b ORT |2 21 |
| 100 | |a Ortuondo Fernández, Pedro |e autor |9 584551 | ||
| 245 | 1 | 0 | |a Manual para el proyecto y análisis de sistemas de puesta a tierra: seguridad de personas y equipos en instalaciones de alto voltaje |
| 250 | |a 1a. ed | ||
| 300 | |a pág. irreg | ||
| 942 | |c BK | ||
| 945 | |d 20160310 23:10:00 |a dcastane | ||
| 260 | |a Santiago |b Pedro Ortuondo Fernández |c 1997 | ||
| 650 | 0 | |a Energía eléctrica |9 256678 | |
| 650 | 0 | |a Alto voltaje |9 362908 | |
| 650 | 0 | |a Medidas de seguridad |9 264085 | |
| 583 | |a last modification |c 20160310 23:10:00 |k Rodrigo Vera | ||
| 999 | |c 362773 |d 362771 | ||
| 952 | |0 0 |1 0 |3 erb |4 0 |6 621_319000000000000_ORT_1997 |7 0 |8 A |9 474250 |a BIBING |b BIBING |i 5265916 |o 621.319 ORT 1997 |p 5265916 |r 2025-01-20 |w 2019-11-24 |y BK |z Catalogado en:20160310 |k EIE | ||
| 952 | |0 0 |1 0 |3 erb |4 0 |6 621_319000000000000_ORT_1997 |7 0 |8 A |9 474251 |a BIBING |b BIBING |i 5265924 |o 621.319 ORT 1997 |p 5265924 |r 2025-01-20 |w 2019-11-24 |y BK |z Catalogado en:20160310 |k EIE | ||
| 952 | |0 0 |1 0 |3 erb |4 0 |6 621_319000000000000_ORT_1997 |7 0 |8 A |9 474252 |a BIBING |b BIBING |i 5265932 |l 1 |o 621.319 ORT 1997 |p 5265932 |r 2025-01-20 |s 2023-09-25 |w 2019-11-24 |y BK |z Catalogado en:20160310 |k EIE | ||
| 952 | |0 0 |1 0 |3 erb |4 0 |6 621_319000000000000_ORT_1997 |7 0 |8 A |9 474253 |a BIBING |b BIBING |i 5265940 |o 621.319 ORT 1997 |p 5265940 |r 2025-01-20 |w 2019-11-24 |y BK |z Catalogado en:20160310 |k EIE | ||